| 000 | 01727cam a2200313 i 4500 | ||
|---|---|---|---|
| 003 | SA-RiAUC | ||
| 005 | 20250727055906.0 | ||
| 008 | 250727s2006 le g 000 0 ara c | ||
| 040 |
_aSA-RiIMS _bara _cSA-RiAUC _erda |
||
| 082 | 0 | 4 | _a236.8 |
| 090 |
_a236.8 _b م ق د |
||
| 100 | 1 |
_aالمقدسي، إسماعيل بن عمر، _dتوفي 613 هجري _eمؤلف. |
|
| 245 | 1 | 2 |
_aالثلاثيات التي في مسند الإمام أحمد بن حنبل / _cتخريج إسماعيل بن عمر المقدسي ؛ تحقيق وتعليق محمد بن ناصر العجمي. ومعه، الزيادات على الثلاثيات / ضياء الدين المقدسي. |
| 250 | _aالطبعة الأولى. | ||
| 264 | 1 |
_aبيروت : _bشركة دار البشائر الإسلامية للطباعة والنشر والتوزيع، _c2006 |
|
| 300 |
_a214 صفحة ؛ _c24 سم |
||
| 336 |
_aنص _btxt _2rdacontent _3كتاب |
||
| 337 |
_aبدون وسيط _bn _2rdamedia |
||
| 338 |
_aمجلد _bnc _2rdacarrier |
||
| 650 | 7 |
_aالحديث _xمسند ابن حنبل _2aucsh |
|
| 650 | 7 |
_aالحديث _xكتب أئمة الفقه الأربعة _2aucsh |
|
| 700 | 1 |
_aالعجمي، محمد بن ناصر _eمحقق. |
|
| 700 | 1 | 2 |
_aالإمام ابن حنبل، أحمد محمد بن حنبل، _d164-241 هجري. _tمسند الإمام أحمد بن حنبل. |
| 700 | 1 | 2 |
_aضياء الدين المقدسي، محمد بن عبد الواحد بن أحمد، _d569-643 هجري. _tالزيادات على الثلاثيات. |
| 740 | 0 | 2 | _aمسند الإمام أحمد. |
| 740 | 2 | 2 | _aالزيادات على الثلاثيات. |
| 942 |
_2ddc _cBOOK _n0 |
||
| 949 |
_aSA-JeALM _d250727 _umohamedma123 _n1 |
||
| 999 |
_c10320 _d10320 |
||